000 01050nem a2200241 a 4500
001 000555493
003 AM-YeHGA
005 20250617140158.0
007 aj canzn
008 071030s |||||| a || | o rus d
034 1 _aa
_b10000000
040 _aAM-YeHGA
041 0 _arus
245 0 0 _aПолитико-административная карта СССР /
_h[карты] :
_cГл. упр. геодезии и картографии при Совмин. СССР; Отв. ред.: Л.Б. Ляпидус.
255 _aМасштаб 1:10 000 000
_bПроекция Каврайского
260 _aБ. м. :
_bГУГК.
300 _a1 к. (1 л.) :
_bцв.
650 1 4 _aКартографические произведения
651 4 _aСССР
_vПолитико-административная карта
700 1 _aЛяпидус, Л.Б.
_eред.
_4edt
710 2 _aГлавное управление геодезии и картографии при Совете Министров СССР
090 _c216513
999 _c214996
_d214996